The Simpsons-Character Quiz Level 19 - Statistics

General Stats
  • This quiz has been taken 7 times
  • The average score is 5 of 16
Answer Stats
Picture Answer % Correct
God
100%
Jesus Christ
100%
Moses
67%
Santa Claus
50%
Sophie Krustofsky
50%
Benjamin
33%
Doug
33%
Ham
33%
Dan Gillick
17%
E-mail
17%
Gary
17%
Booker T. Report
0%
Cosine Tangent
0%
Cyrus Simpson
0%
Dr. Simpson
0%
Mr. McGrew
0%
No matching quizzes found
Score Distribution
Percent of People with Each Score
Percentile by Number Answered
Your Score History
You have not taken this quiz